Posilování antagonistů /

Hlavní autor: Horáčková, Dagmar
Jazyk: Čeština
Vydáno: Praha : Metodické středisko bojových sportů, 1991
Témata:
Fyzický popis: 28 stran : ilustrace
Knihy
Uloženo v:
LEADER 00898nam a22002892i 4500
001 001529121
003 CZ BrMZK
005 20161006075844.0
007 ta
008 160601s1991 xr a er|||||||||||cze d
015 |a cnb000070936 
020 |a 80-900187-8-5 
035 |a (OCoLC)39573798 
040 |a PNA001  |b cze  |d BOA001  |e rda 
080 9 |a 796.01 
100 1 |a Horáčková, Dagmar  |7 jx20080123016  |4 aut 
245 1 0 |a Posilování antagonistů /  |c Dagmar Horáčková 
264 1 |a Praha :  |b Metodické středisko bojových sportů,  |c 1991 
300 |a 28 stran :  |b ilustrace 
336 |a text  |b txt  |2 rdacontent 
337 |a bez média  |b n  |2 rdamedia 
338 |a svazek  |b nc  |2 rdacarrier 
653 0 |a sport  |a posilování  |a svaly 
910 |a BOA001  |b X-0978.327 
990 |a BK 
991 |b 201605 
996 6 |b 2619155214  |c X-0978.327  |l MZK  |r Sklad / do 24 hodin  |n 0  |w 001564274  |u 000010  |a 1  |e BOA001  |j MZK50  |s P